书目信息 |
| 题名: |
糊涂学
|
|
| 作者: | 今易 编著 | |
| 分册: | ||
| 出版信息: | 北京 西苑出版社 2006 |
|
| 页数: | 220页 | |
| 开本: | 24cm | |
| 丛书名: | ||
| 单 册: | ||
| 中图分类: | B848.4 , B825-49 | |
| 科图分类: | ||
| 主题词: | 成功心理--通俗读物 , 成功心理 , 伦理学 | |
| 电子资源: | ||
| ISBN: | 7-80210-110-7 | |
| 000 | 00832nam0 2200265 450 | |
| 001 | 1569745130 | |
| 005 | 20150122192250.50 | |
| 010 | @a7-80210-110-7@dCNY29.80 | |
| 100 | @a20060210d2006 em y0chiy50 ea | |
| 101 | 0 | @achi |
| 102 | @aCN@b110000 | |
| 105 | @ay z 000yy | |
| 200 | 1 | @a糊涂学@9hu tu xue@e难得糊涂与成功之道@f今易编著 |
| 210 | @a北京@c西苑出版社@d2006 | |
| 215 | @a220页@d24cm | |
| 330 | @a本书作者阐述了难得糊涂与计划目的的实现、难得糊涂与道德修养、难得糊涂与当代企业管理、难得糊涂有利家庭和睦等观点。 | |
| 517 | 1 | @a难得糊涂与成功之道@9nan de hu tu yu cheng gong zhi dao |
| 606 | 0 | @a成功心理@j通俗读物 |
| 606 | 0 | @a成功心理 |
| 606 | 0 | @a伦理学 |
| 690 | @aB848.4@v5 | |
| 690 | @aB825-49@v4 | |
| 701 | 0 | @a今易@9jin yi@f(1951~)@4编著 |
| 801 | 0 | @aCN@bTSSF@c20150122 |
| 905 | @aZUCC@dB825-49@eJY134 | |
| 糊涂学:难得糊涂与成功之道/今易编著.-北京:西苑出版社,2006 |
| 220页;24cm |
| ISBN 7-80210-110-7:CNY29.80 |
| 本书作者阐述了难得糊涂与计划目的的实现、难得糊涂与道德修养、难得糊涂与当代企业管理、难得糊涂有利家庭和睦等观点。 |
| ● |
| 相关链接 |
|
|
|
|
正题名:糊涂学
索取号:B825-49/JY134
 
预约/预借
| 序号 | 登录号 | 条形码 | 馆藏地/架位号 | 状态 | 备注 |
| 1 | 7851031 | 278510318 | 学院路分馆/ [索取号:B825-49/JY134] | 在馆 |